Career development and counselling : (Record no. 7170)

MARC details
000 -LEADER
fixed length control field 00762nam a22002292 4500
001 - CONTROL NUMBER
control field 0000006031
005 - DATE AND TIME OF LATEST TRANSACTION
control field 20151217152011.0
008 - FIXED-LENGTH DATA ELEMENTS--GENERAL INFORMATION
fixed length control field 070912s xx 000 0 eng d
020 ## - INTERNATIONAL STANDARD BOOK NUMBER
International Standard Book Number 0471288802 :
Terms of availability KES 8,200
040 ## - CATALOGING SOURCE
Original cataloging agency KABU
Transcribing agency KABU
245 10 - TITLE STATEMENT
Title Career development and counselling :
Remainder of title putting theory and research to work /
Statement of responsibility, etc. ed. by Steven D. Brown, Robert W. Lent.
260 ## - PUBLICATION, DISTRIBUTION, ETC. (IMPRINT)
Place of publication, distribution, etc. Hoboken, NJ :
Name of publisher, distributor, etc. John Wiley,
Date of publication, distribution, etc. 2005.
300 ## - PHYSICAL DESCRIPTION
Extent xiv, 682 p.
650 #0 - SUBJECT ADDED ENTRY--TOPICAL TERM
Topical term or geographic name as entry element Career development.
-- 0000139411
650 #0 - SUBJECT ADDED ENTRY--TOPICAL TERM
Topical term or geographic name as entry element Vocational guidance.
-- 0000157388
650 #0 - SUBJECT ADDED ENTRY--TOPICAL TERM
Topical term or geographic name as entry element Counseling.
-- 0000148083
700 1# - ADDED ENTRY--PERSONAL NAME
Personal name Brown, Steven D.
-- 0000157389
700 1# - ADDED ENTRY--PERSONAL NAME
Personal name Lent, Robert W.
-- 0000157390
908 ## - PUT COMMAND PARAMETER (RLIN)
Put command parameter 070912
950 ## - LOCAL HOLDINGS (RLIN)
-- 1
Holdings
Withdrawn status Lost status Source of classification or shelving scheme Not for loan Home library Current library Date acquired Total Checkouts Full call number Barcode Date last seen Date last checked out Price effective from Koha item type
    Library of Congress Classification   Kabarak, Main Campus Kabarak, Main Campus 17/12/2015 1 HF5381 .C37 009881 18/05/2017 15/07/2016 17/12/2015 General Collection
Designed with assistance from East African Informatics Ltd